Három ősrégi település házasításából született a község polgármester úr, mutassa be a faluját-!

Podrobná bibliografia
Hlavný autor: Zolczer, László, 1949- (Autor)
Médium: Článok
Jazyk:maďarčina
Fyzický popis:Fotogr.
ISSN:1335-6631
Predmet:

MARC

LEADER 00000nab a2200000 ar4500
001 vtls010070483
003 SK-MaSNL
005 20260318121858.0
008 100302c2010 xo |||||||| 000 b|hun
015 |a SNBRB2010/03  |2 snkbucl 
038 |a SNKBUCL 
040 |a DSZK  |b slo  |c DSZK  |e AACR2 
041 0 |a hun 
044 |a xo  |c SK 
080 |a 908  |x (437.6)  |2 2001 
080 |a 332.055.2  |x (437.6)  |2 2001 
100 1 |a Zolczer, László,  |d 1949-  |4 aut  |9 840441 
245 1 0 |a Három ősrégi település házasításából született a község  |b polgármester úr, mutassa be a faluját-!  |c Zolczer László 
300 |b Fotogr. 
650 0 7 |a regionálny rozvoj  |2 SNKPH  |9 2352 
651 7 |a Hronovce (Slovensko)  |2 SNKPHgeo  |9 87187 
651 7 |a Čajakovo (Hronovce, Slovensko)  |2 SNKPHgeo  |9 132274 
651 7 |a Vozokany nad Hronom (Hronovce, Slovensko)  |2 SNKPHgeo  |9 172324 
651 7 |a Domaša (Hronovce, Slovensko)  |2 SNKPHgeo  |9 132275 
655 7 |a reportáže  |2 SNKPH  |9 28856 
773 0 |t Szabad újság  |g Évf. XVIII, sz. 8 (2010), o. 22-23  |x 1335-6631 
852 |a SNK  |b KIS3GCP 
852 |a DSZK  |b KIS3GCP 
958 |a HU 
958 |a SK 
999 |c 3254530  |d 3256460